| 000 | 00978cam a22002413a 4500 | ||
|---|---|---|---|
| 001 | 2012 | ||
| 003 | PGUSA | ||
| 005 | 20140828083009.0 | ||
| 008 | 991201s1999||||xxu|||||s|||||000 i eng d | ||
| 040 |
_aPGUSA _beng |
||
| 042 | _adc | ||
| 050 | 4 | _aHQ | |
| 100 | 1 |
_aMeynell, Alice, _d1847-1922 |
|
| 245 | 1 | 4 |
_aThe Children _h[electronic resource] / _cAlice Meynell |
| 260 |
_bProject Gutenberg, _c1999 |
||
| 505 | 0 | _aFellow travellers with a bird, I -- Fellow travellers with a bird, II -- Children in midwinter -- That pretty person -- Out of town -- Expression -- Under the early stars -- The man with two heads -- Children in burlesque -- Authorship -- Letters -- The fields -- The barren shore -- The boy -- Illness -- The young child -- Fair and brown -- Real childhood. | |
| 506 | _aPublic domain in the USA. | ||
| 516 | _aElectronic text | ||
| 653 | _aChildren | ||
| 830 | 0 |
_aProject Gutenberg _v2012 |
|
| 856 | 4 | 0 | _uhttp://www.gutenberg.org/ebooks/2012 |
| 942 | _cEB | ||
| 999 |
_c231351 _d231351 |
||